| 000 | 00000nam##2200000za#4500 |
| 001 | 9.587688 |
| 003 | CaOODSP |
| 005 | 20210624194744 |
| 007 | cr ||||||||||| |
| 008 | 150406|2007||||xxc|||||o f|0| 0 fre|d |
| 022 | |a1701-1280 |
| 040 | |aCaOODSP|bfre |
| 041 | |aeng |
| 041 | |afre |
| 043 | |an-cn--- |
| 086 | 1 |aFs70-4/2007-023-PDF |
| 110 | 1 |aCanada. |bMinistère des pêches et des océans. |
| 245 | 10|aCompte rendu de la réunion des experts sur les normes nationales pour les installations qui manipulent les pathogènes des animaux aquatiques : |h[ressource électronique]|b18 avril 2006, Ottawa (Ontario) / |cJake Rice, président ; Nancy House, rédactrice. |
| 246 | 1 |iTitre additionnel (dans la publication) : |aAquatic animal pathogen containment guidelines for laboratories and live holding facilities |
| 260 | |aOttawa - Ontario : |bPêches et Océans Canada |cOctobre 2007. |
| 300 | |a39p.|btableaux |
| 490 | 1 |aSecrétariat canadien de consultation scientifique, série des comptes rendus|x1701-1280|v2007/023 |
| 546 | |aBilingue, annexe en anglais seulement. |
| 590 | |a11-32-Supp|b2011-12-20 |
| 720 | 1 |aRice, Jake |
| 720 | 1 |aHouse, Nancy |
| 791 | |tProceedings of the expert panel on national containment standards for facilities handling aquatic animal pathogens : |eeng|w(CaOODSP)9.587687 |
| 830 | #0|aCompte rendu (Secrétariat canadien de consultation scientifique)|x1701-1280|v2007/023|w(CaOODSP)9.500508 |
| 856 | 40|ahttp://publications.gc.ca|qPDF|s189 Ko|uhttps://publications.gc.ca/collections/collection_2011/mpo-dfo/Fs70-4-2007-023.pdf|y2007/023 |